00719nam a2200229Ia 4500003000900000008004100009040001300050040001300063041000800076100001400084245008500098250001400183260001100197260000900208300001100217300001000228490000600238600002600244942000700270999001700277952019500294IT-RoPAU120407s9999 xx 000 0 und d aIT-RoPAU cIT-RoPAU aesp aErnst Ell aTres defectos graves y su remedio. El nino terco, el embustero y el ladronzuelo. aBarcelona aHerder c1970 a122 p. c20 cm v1 a1. Bambini - difetti. cBK c24781d24781 00102ddc406370_27000000000000071aPAULUSbPAULUSd2012-04-11l0o370.27r2012-04-11 00:00:00w2012-04-11yBKzInserito da: Jole In data: 22 luglio 2011 fondo: Via A.Severo 56 Progr:35640